00834nam a22001815i 4500001000700000003000900007005001700016008004100033100003100074245019700105260006400302300002100366530003500387650002800422650001800450852009500468856008900563155342ES-MaACL20230906210035.0040720s1854 sp |||| | spa d1 aHernández y Espeso, Pio.10aConsideraciones importantes sobre el cólera epidémico y demostración práctica de la superioridad de la homeopatía en el tratamiento de esta afección / cpor Pio Hernandez y Espeso. aMadrid : b[s.n.], c1854 (fImp. de José Trujillo, Hijo) a15 p. ; c20 cm. aDisponible en formato digital. 4aCólera-xTratamiento. 4aHomeopatía.4 aES-MaACLjT-7-F-2 z- Enc. hol., falto de cub. original z- Enc. en un vol. facticio4 uhttp://bdh-rd.bne.es/viewer.vm?id=0000097323&page=1 zBiblioteca Digital Hispánica